Operation rescue : (Record no. 130646)

MARC details
000 -LEADER
fixed length control field 00713nam a22002297a 4500
005 - DATE AND TIME OF LATEST TRANSACTION
control field 20170124110114.0
010 ## - LIBRARY OF CONGRESS CONTROL NUMBER
LC control number 840523
020 ## - INTERNATIONAL STANDARD BOOK NUMBER
Terms of availability 48.00
035 ## - SYSTEM CONTROL NUMBER
System control number 840523
037 ## - SOURCE OF ACQUISITION
Source of stock number/acquisition Cen Lib/Ret
040 ## - CATALOGING SOURCE
Original cataloging agency DPL
Language of cataloging EN
082 ## - DEWEY DECIMAL CLASSIFICATION NUMBER
Classification number 954.11
Item number SIN
100 ## - MAIN ENTRY--PERSONAL NAME
Personal name Sinha, S.K.
9 (RLIN) 29741
245 ## - TITLE STATEMENT
Title Operation rescue :
Statement of responsibility, etc by S.K.Sinha
Remainder of title military operations in Jammu & Kashmir 1947-49 /
260 ## - PUBLICATION, DISTRIBUTION, ETC. (IMPRINT)
Name of publisher, distributor, etc Vision Books
Place of publication, distribution, etc New Delhi
Date of publication, distribution, etc 1977
270 ## - ADDRESS
Address 36 C, Connaught Place
City New Delhi
Postal code 110001
300 ## - PHYSICAL DESCRIPTION
Extent xv,174p. :
Dimensions 20cm(Hb)
Other physical details ill.
500 ## - GENERAL NOTE
General note Includes index
650 ## - SUBJECT ADDED ENTRY--TOPICAL TERM
Topical term or geographic name as entry element Operations in Jammu & Kashmir
9 (RLIN) 29742
650 ## - SUBJECT ADDED ENTRY--TOPICAL TERM
Topical term or geographic name as entry element The Cease Fire in Jammu & Kashmir
9 (RLIN) 29743
942 ## - ADDED ENTRY ELEMENTS (KOHA)
Source of classification or shelving scheme Dewey Decimal Classification
Koha item type English Books
Classification part 954.11
Call number suffix SIN
Holdings
Withdrawn status Lost status Damaged status Not for loan Home library Current library Date acquired Source of acquisition Cost, normal purchase price Total Checkouts Full call number Barcode Date last seen Copy number Cost, replacement price Price effective from Koha item type
        Central Library Central Library 10/07/2015 Cen Lib/Ret 48.00   954.11 SIN 840523 10/07/2015 1 48.00 10/07/2015 English Books

© Delhi Public Library
Hit Counter
free hit counter